[Event "Faxe Jubilaeums EMT 2014"]
[Site "Faxe"]
[Date "2014.04.02"]
[Round "2"]
[White "Larsen, Paul M"]
[Black "Hansen, Arne Mandrup"]
[Result "1-0"]
[WhiteElo "1468"]
[BlackElo "1304"]
[PlyCount "99"]
[EventDate "2014.??.??"]

1. Nf3 b6 2. d4 Bb7 3. e3 Nf6 4. Bd3 e6 5. O-O Be7 6. Nbd2 d5 7. c3 O-O 8. Re1
Nbd7 9. e4 dxe4 10. Nxe4 Nxe4 11. Bxe4 Bxe4 12. Rxe4 Re8 13. Ne5 Nxe5 14. Rxe5
Bf6 15. Re1 c5 16. dxc5 Qxd1 17. Rxd1 bxc5 18. Be3 c4 19. Rd7 Re7 20. Rad1 Rxd7
21. Rxd7 a6 22. Rc7 Rd8 23. g3 h6 24. Rxc4 Rd1+ 25. Kg2 Rb1 26. b3 Rb2 27. Ra4
Bxc3 28. Rxa6 g5 29. Kf3 Kg7 30. Ke4 Kg6 31. Kd3 Be1 32. Kc4 Bxf2 33. Bxf2 Rxf2
34. a4 Rxh2 35. a5 Ra2 36. Ra8 Kf5 37. a6 Kg4 38. a7 Kxg3 39. b4 e5 40. Kc5 e4
41. b5 e3 42. b6 Rc2+ 43. Kb5 Rb2+ 44. Ka6 e2 45. Re8 Ra2+ 46. Kb7 Kf2 47. a8=Q
Rxa8 48. Kxa8 e1=Q 49. Rxe1 Kxe1 50. b7 1-0

[Event "Faxe Jubilaeums EMT 2014"]
[Site "Faxe"]
[Date "2014.04.02"]
[Round "2"]
[White "Andersen, Hans Poul"]
[Black "Rasmussen, Frede"]
[Result "1/2-1/2"]
[WhiteElo "1270"]
[BlackElo "1456"]
[PlyCount "88"]
[EventDate "2014.??.??"]

1. e4 b6 2. Bc4 Bb7 3. d3 d5 4. exd5 Bxd5 5. Qg4 Bxc4 6. Qxc4 e6 7. Nf3 Bd6 8.
Bg5 Ne7 9. Bxe7 Qxe7 10. O-O O-O 11. Nc3 c5 12. Ne4 a6 13. Nxd6 Qxd6 14. Rae1
Nc6 15. a3 b5 16. Qe4 h6 17. h3 Rac8 18. c3 a5 19. Rd1 a4 20. Rfe1 Na5 21. c4
bxc4 22. dxc4 Qb8 23. Qc2 Qb3 24. Qxb3 Nxb3 25. Ne5 Nd4 26. Rd2 Rc7 27. Red1
Kh7 28. Nd3 Rb8 29. Nxc5 Rxc5 30. Rxd4 Rxb2 31. Rd7 Rxc4 32. Rxf7 Rcc2 33. Rdd7
Kg6 34. g4 Kg5 35. Rd3 Rb3 36. Rd6 Kh4 37. Rxe6 Kxh3 38. Ree7 Rc4 39. Rxg7
Rxg4+ 40. Rxg4 Kxg4 41. Re4+ Kf3 42. Rxa4 Rb1+ 43. Kh2 Rb6 44. Ra5 Kxf2 1/2-1/2

[Event "Faxe Jubilaeums EMT 2014"]
[Site "Faxe"]
[Date "2014.04.02"]
[Round "2"]
[White "Eriksen, Knud Ejler"]
[Black "Christoffersen, Ib"]
[Result "1/2-1/2"]
[WhiteElo "1067"]
[BlackElo "1439"]
[PlyCount "208"]
[EventDate "2014.??.??"]

1. Nf3 d5 2. d4 Bg4 3. e3 e6 4. a3 c6 5. Nbd2 Nf6 6. Bd3 Bd6 7. c4 Qc7 8. c5
Be7 9. b4 Nbd7 10. Bb2 h6 11. Qc2 g6 12. h3 Bf5 13. O-O-O b6 14. e4 dxe4 15.
Nxe4 Qf4+ 16. Nfd2 Nxe4 17. g3 Qg5 18. h4 Qg4 19. Nxe4 Bxe4 20. Bxe4 Rc8 21.
Bd3 Bf6 22. Be2 Qf5 23. Qxf5 exf5 24. Ba6 Rb8 25. Rde1+ Kf8 26. Bd3 Kg7 27. h5
Rhd8 28. Bc2 b5 29. Rd1 Nf8 30. Bb3 Rb7 31. d5 Bxb2+ 32. Kxb2 cxd5 33. Rxd5 Re8
34. Bd1 Ne6 35. Bf3 Rbe7 36. Rd2 a6 37. Rc2 Nd4 38. Rc3 Rc7 39. Bd1 g5 40. Rd3
Nc6 41. Rf1 Ne5 42. Rd5 Nc4+ 43. Kb3 Kf6 44. Rd3 Ree7 45. g4 f4 46. a4 Ne5 47.
Rd6+ Re6 48. Rxe6+ fxe6 49. f3 Rd7 50. Be2 Nc6 51. axb5 Nd4+ 52. Kc4 axb5+ 53.
Kd3 Nxe2+ 54. Kxe2 Rd4 55. Rb1 Rc4 56. Kd2 Ke5 57. Rc1 Rxb4 58. c6 Rd4+ 59. Ke2
Rd8 60. Rc5+ Kd6 61. Rc2 Kc7 62. Rc5 b4 63. Rb5 Rd4 64. Re5 Rd6 65. Re4 Rxc6
66. Rxb4 Rc2+ 67. Ke1 Kd6 68. Rb8 Rc3 69. Kf2 Ke7 70. Rh8 Rc6 71. Rxh6 Rc5 72.
Rg6 Kf7 73. Rh6 Rd5 74. Rh8 Kg7 75. Re8 Rd6 76. Re7+ Kh6 77. Re8 Rd2+ 78. Ke1
Rd6 79. Rg8 e5 80. Re8 Rd5 81. Re6+ Kh7 82. Rg6 e4 83. fxe4 Re5 84. Kf2 Rxe4
85. Rxg5 Ra4 86. Re5 Kh6 87. Kf3 Ra1 88. Kxf4 Rf1+ 89. Ke4 Rg1 90. Kf3 Rf1+ 91.
Kg2 Rf4 92. Kg3 Rf1 93. Rd5 Rf8 94. Kh4 Rf4 95. Rd6+ Kh7 96. Kg5 Rf1 97. Rd7+
Kg8 98. h6 Rg1 99. Kf5 Rf1+ 100. Kg6 Rf8 101. g5 Re8 102. Kh5 Re5 103. h7+ Kh8
104. Kh6 Rxg5 1/2-1/2

[Event "Faxe Jubilaeums EMT 2014"]
[Site "Faxe"]
[Date "2014.04.09"]
[Round "3"]
[White "Zachariassen, John"]
[Black "Pedersen, Hans Dahl"]
[Result "1/2-1/2"]
[WhiteElo "1860"]
[BlackElo "2158"]
[PlyCount "105"]
[EventDate "2014.??.??"]

1. c4 Nf6 2. Nf3 c6 3. g3 d5 4. b3 g6 5. Bb2 Bg7 6. Bg2 O-O 7. O-O Bg4 8. h3
Bxf3 9. Bxf3 Nbd7 10. d3 e5 11. Nd2 Re8 12. Qc2 Qe7 13. e4 dxe4 14. Nxe4 Nxe4
15. dxe4 Nf8 16. Rae1 Rad8 17. Bg2 Ne6 18. Qc1 Rd3 19. Rd1 Red8 20. Rxd3 Rxd3
21. Qc2 Qd8 22. Bc3 Rd7 23. Qb2 Nd4 24. h4 c5 25. Re1 a6 26. Qc1 Ne2+ 27. Rxe2
Rd1+ 28. Re1 Rxc1 29. Rxc1 Qd3 30. Bf1 Qxe4 31. Rd1 Bf6 32. Rd3 Qf5 33. Be2 e4
34. Rd5 Qxd5 35. cxd5 Bxc3 36. Kf1 Kf8 37. a4 Ke7 38. Bc4 Kd6 39. Ke2 f6 40. f3
exf3+ 41. Kxf3 Ke5 42. g4 h6 43. Bd3 g5 44. h5 Bd2 45. Bc4 Bf4 46. d6 Bd2 47.
d7 Ba5 48. Bd3 Kd4 49. Bf5 b5 50. axb5 axb5 51. Ke2 Bb6 52. Kd2 Bd8 53. Kc2
1/2-1/2

[Event "Faxe Jubilaeums EMT 2014"]
[Site "Faxe"]
[Date "2014.04.09"]
[Round "3"]
[White "Lindskov, Villy"]
[Black "Jensen, Leif"]
[Result "0-1"]
[WhiteElo "1814"]
[BlackElo "1978"]
[PlyCount "88"]
[EventDate "2014.??.??"]

1. e4 e6 2. d4 d5 3. Nd2 dxe4 4. Nxe4 Nd7 5. Nf3 Ngf6 6. Bd3 Nxe4 7. Bxe4 Nf6
8. Bd3 c5 9. dxc5 Bxc5 10. Bb5+ Bd7 11. Bxd7+ Qxd7 12. Qxd7+ Nxd7 13. O-O Rc8
14. c3 f6 15. Re1 Kf7 16. Be3 Rhd8 17. Rad1 Bxe3 18. Rxe3 Nc5 19. Rxd8 Rxd8 20.
Kf1 Rd1+ 21. Re1 Rd5 22. c4 Rd6 23. b3 e5 24. Ke2 Nd3 25. Rb1 Nf4+ 26. Kf1 e4
27. Ne1 Rd2 28. a4 Ke6 29. b4 f5 30. c5 Kd5 31. Rc1 Kc6 32. b5+ Kc7 33. g3 Nd5
34. Ng2 g6 35. h4 Rd4 36. a5 Ra4 37. b6+ Kc6 38. bxa7 Rxa5 39. Ne3 Nxe3+ 40.
fxe3 Rxa7 41. Rd1 Ra3 42. Kf2 Rd3 43. Rb1 Rd2+ 44. Kf1 Rd7 0-1

[Event "Faxe Jubilaeums EMT 2014"]
[Site "Faxe"]
[Date "2014.04.09"]
[Round "3"]
[White "Stuhr, Finn"]
[Black "Andersen, Bjarne Hjorth"]
[Result "1/2-1/2"]
[WhiteElo "1568"]
[BlackElo "1884"]
[PlyCount "92"]
[EventDate "2014.??.??"]

1. e4 c6 2. d4 d5 3. e5 Bf5 4. Bd3 Bxd3 5. Qxd3 e6 6. Nf3 Qb6 7. O-O c5 8. c3
Nc6 9. b3 cxd4 10. cxd4 Nge7 11. Na3 Nf5 12. Nc2 h5 13. Bb2 Be7 14. Ne3 Nb4 15.
Qb1 Rc8 16. a3 Nxe3 17. fxe3 Nc2 18. Rc1 Qxb3 19. Ne1 Qxe3+ 20. Kh1 O-O 21.
Rxc2 Qf4 22. Nf3 Qe4 23. Rxc8 Qxb1+ 24. Rxb1 Rxc8 25. Rc1 Rc6 26. Ne1 Rb6 27.
Rc2 Rb3 28. a4 b5 29. axb5 Rxb5 30. Nf3 a5 31. Bc1 a4 32. Rb2 Rxb2 33. Bxb2 a3
34. Bc3 a2 35. Kg1 f6 36. Kf2 Kf7 37. Ke2 g5 38. exf6 Kxf6 39. Ne5 Kf5 40. Nd3
Bd6 41. h3 g4 42. hxg4+ Kxg4 43. Nc1 Kg3 44. Kf1 h4 45. Nxa2 h3 46. Be1+ Kg4
1/2-1/2

[Event "Faxe Jubilaeums EMT 2014"]
[Site "Faxe"]
[Date "2014.04.09"]
[Round "3"]
[White "Anghel, Mihai Ursta"]
[Black "Hansen, Borge"]
[Result "1-0"]
[WhiteElo "1593"]
[BlackElo "1490"]
[PlyCount "65"]
[EventDate "2014.??.??"]

1. e4 e5 2. Nf3 Nc6 3. d4 exd4 4. Bc4 Be7 5. O-O d6 6. Re1 Bg4 7. Bf4 Nf6 8. e5
dxe5 9. Bxe5 O-O 10. Nbd2 Nxe5 11. Rxe5 Bd6 12. Re1 c5 13. Ne4 Nxe4 14. Rxe4
Bxf3 15. Qxf3 Qc7 16. Rh4 Qe7 17. Qh3 h6 18. Bd3 Qf6 19. Re1 Rae8 20. Rhe4 Rxe4
21. Bxe4 b6 22. Qd7 a5 23. Bd3 Qd8 24. Qf5 g6 25. Qe4 Kg7 26. Bc4 Qc7 27. h3
Qa7 28. f4 Qc7 29. f5 Bh2+ 30. Kh1 Qf4 31. fxg6 fxg6 32. Qe7+ Kh8 33. Rf1 1-0

[Event "Faxe Jubilaeums EMT 2014"]
[Site "Faxe"]
[Date "2014.04.09"]
[Round "3"]
[White "Christensen, Lars (1957)"]
[Black "Wehlast, Svend Erik"]
[Result "1-0"]
[WhiteElo "2005"]
[BlackElo "1586"]
[PlyCount "85"]
[EventDate "2014.??.??"]

1. e4 g6 2. d4 Bg7 3. Be3 d6 4. Bc4 Nf6 5. f3 c6 6. Nc3 b5 7. Bb3 b4 8. Na4 O-O
9. Qd2 Qa5 10. a3 Na6 11. Ne2 Bd7 12. O-O c5 13. axb4 Qxb4 14. dxc5 Qxd2 15.
Bxd2 Bxa4 16. Bxa4 Nxc5 17. b4 Nxa4 18. Rxa4 Nd7 19. Rb1 Nb6 20. Ra6 Nc4 21.
Be1 Rfc8 22. c3 Ne5 23. Rba1 Nd3 24. Bd2 Rc7 25. R1a3 Nb2 26. Ra1 Nc4 27. Be1
Nb6 28. Rxb6 axb6 29. Rxa8+ Bf8 30. Bd2 Kg7 31. Bh6+ Kxh6 32. Rxf8 f6 33. Rb8
f5 34. Rxb6 fxe4 35. fxe4 Ra7 36. e5 dxe5 37. c4 e4 38. Kf2 e5 39. c5 Ra3 40.
c6 e3+ 41. Kf3 Kg5 42. c7 e4+ 43. Kxe4 1-0

[Event "Faxe Jubilaeums EMT 2014"]
[Site "Faxe"]
[Date "2014.04.09"]
[Round "3"]
[White "Ambirk, Jan"]
[Black "Larsen, Paul M"]
[Result "1-0"]
[WhiteElo "1763"]
[BlackElo "1468"]
[PlyCount "95"]
[EventDate "2014.??.??"]

1. e4 c6 2. d4 d5 3. f3 g6 4. Nc3 Bg7 5. Be3 dxe4 6. fxe4 Nf6 7. Nf3 O-O 8. Qd2
Ng4 9. Bg5 h6 10. Bh4 Kh7 11. e5 h5 12. Ng5+ Kg8 13. h3 Nxe5 14. dxe5 Qxd2+ 15.
Kxd2 Bxe5 16. Bd3 Bf4+ 17. Ke2 f6 18. Nge4 g5 19. Rhf1 Kg7 20. Bg3 e5 21. Bxf4
gxf4 22. Nd6 Rd8 23. Nxc8 Rxc8 24. Bf5 Rd8 25. Rad1 Na6 26. Rxd8 Rxd8 27. Rd1
Rxd1 28. Kxd1 Nb4 29. a3 Nd5 30. Nxd5 cxd5 31. Be6 d4 32. Bf5 h4 33. Ke2 Kh6
34. Kf3 Kg5 35. Ke4 b6 36. Be6 b5 37. b4 Kh6 38. Kf5 Kg7 39. Bd7 Kf8 40. Bxb5
Ke7 41. Bd3 Kf7 42. Kg4 Ke6 43. Be4 a6 44. a4 Kd6 45. b5 Kc5 46. bxa6 Kb6 47.
Bd3 Ka7 48. Kxh4 1-0

[Event "Faxe Jubilaeums EMT 2014"]
[Site "Faxe"]
[Date "2014.04.09"]
[Round "3"]
[White "Frederiksen, Uffe"]
[Black "Nielsen, Flemming"]
[Result "1-0"]
[WhiteElo "1705"]
[BlackElo "1420"]
[PlyCount "109"]
[EventDate "2014.??.??"]

1. b4 d6 2. Bb2 e5 3. e3 Nf6 4. Nf3 Be7 5. Be2 Bf5 6. c4 Nc6 7. b5 Nb4 8. d3 e4
9. Nd4 Bg6 10. dxe4 Nxe4 11. a3 c5 12. axb4 cxd4 13. exd4 Bg5 14. O-O O-O 15.
Ra3 f5 16. f4 Bh4 17. g3 Be7 18. Bf3 d5 19. c5 Be8 20. Be2 Rf6 21. Nd2 Rh6 22.
Nf3 Bf7 23. Ne5 Be8 24. Qd3 Bh5 25. Bc1 Qe8 26. Qd1 Bxe2 27. Qxe2 Rh3 28. Kg2
Rh6 29. Be3 Re6 30. Rfa1 a6 31. bxa6 bxa6 32. Rxa6 Raxa6 33. Rxa6 Rf6 34. Rxf6
Bxf6 35. b5 Nc3 36. Qd3 Nxb5 37. Qxf5 Nc7 38. c6 Be7 39. Qb1 Bd6 40. Qb7 h6 41.
g4 Kh7 42. Qb1+ g6 43. h4 Be7 44. h5 Kg7 45. hxg6 Qc8 46. Kg3 Qd8 47. Qf5 Qg8
48. Qd7 Qd8 49. f5 Kf8 50. Bxh6+ Kg8 51. f6 Qxd7 52. f7+ Kh8 53. g7+ Kh7 54.
g8=Q+ Kxh6 55. cxd7 1-0

[Event "Faxe Jubilaeums EMT 2014"]
[Site "Faxe"]
[Date "2014.04.09"]
[Round "3"]
[White "Andersen, Hans E"]
[Black "Hansen, Aage"]
[Result "0-1"]
[WhiteElo "1517"]
[BlackElo "1618"]
[PlyCount "144"]
[EventDate "2014.??.??"]

1. e4 e6 2. Bc4 d5 3. exd5 exd5 4. Qe2+ Be7 5. Bb3 Nf6 6. Nf3 O-O 7. O-O Re8 8.
Qd3 c5 9. Ba4 Nbd7 10. c3 a6 11. c4 dxc4 12. Qc3 b5 13. Bc2 Nb6 14. d4 Nbd5 15.
Qd2 Bd6 16. Rd1 Bf4 17. Qxf4 Nxf4 18. Bxf4 cxd4 19. Nc3 Bb7 20. Nxd4 Qb6 21.
Be3 b4 22. Na4 Qc7 23. Nf5 Qc6 24. f3 Nd5 25. Nd4 Qc7 26. Bf2 Rad8 27. Bg3 Qe7
28. Nf5 Qf6 29. Nc5 Qb6 30. Bf2 Re2 31. Ne4 Rxf2 32. Nxf2 g6 33. Ng3 f5 34. Nf1
Re8 35. Re1 Rxe1 36. Rxe1 Nf4 37. Ne3 Qc5 38. Ned1 a5 39. Re8+ Kf7 40. Ba4 c3
41. bxc3 bxc3 42. Ne3 Qb4 43. Rb8 Qb1+ 44. Nfd1 Qb6 45. Bb3+ Kg7 46. Kh1 Qc7
47. Rg8+ Kh6 48. Rf8 Ba6 49. Rf7 Qc8 50. h4 Bd3 51. Bc2 Bxc2 52. Nxc2 Qe6 53.
Rc7 Qe2 54. Nce3 Qe1+ 55. Kh2 Qxh4+ 56. Kg1 Ne2+ 57. Kf1 Ng3+ 58. Ke1 Ne4+ 59.
Ke2 Ng3+ 60. Kf2 Qd4 61. Rc4 Qxc4 62. Nxc4 c2 63. Nde3 c1=Q 64. Kxg3 Qe1+ 65.
Kf4 Qb4 66. a3 Qb8+ 67. Ne5 Kg7 68. N3c4 Kf6 69. Kg3 g5 70. f4 Qb3+ 71. Kh2
gxf4 72. Nxa5 Qg3+ 0-1

[Event "Faxe Jubilaeums EMT 2014"]
[Site "Faxe"]
[Date "2014.04.09"]
[Round "3"]
[White "Petersen, Bent"]
[Black "Adrian, Michael"]
[Result "1-0"]
[WhiteElo "1892"]
[BlackElo "1323"]
[PlyCount "65"]
[EventDate "2014.??.??"]

1. d4 d5 2. c4 c6 3. g3 e6 4. Bg2 f5 5. Nf3 Nf6 6. O-O Bd6 7. Qc2 O-O 8. a4 Ne4
9. Nc3 Nd7 10. Nd2 a6 11. Qb3 f4 12. Ndxe4 dxe4 13. Nxe4 Qc7 14. c5 Nxc5 15.
dxc5 Be5 16. Bxf4 Bxf4 17. gxf4 Rxf4 18. Qg3 e5 19. Rad1 Rg4 20. Qb3+ Kh8 21.
Nd6 h6 22. Qf7 Qxf7 23. Nxf7+ Kh7 24. Nxe5 Rg5 25. f4 Rh5 26. Rd8 g5 27. fxg5
Rxg5 28. Rf7+ Rg7 29. Rxg7+ Kxg7 30. Nd7 Kf7 31. Nb6 Rb8 32. Rxc8 Rxc8 33. Nxc8
1-0

[Event "Faxe Jubilaeums EMT 2014"]
[Site "Faxe"]
[Date "2014.04.08"]
[Round "3"]
[White "Christoffersen, Ib"]
[Black "Christoffersen, Per"]
[Result "0-1"]
[WhiteElo "1439"]
[BlackElo "1588"]
[PlyCount "102"]
[EventDate "2014.??.??"]

1. e4 e6 2. d4 d5 3. e5 c5 4. c3 Nc6 5. Nf3 Qb6 6. a4 a6 7. Be2 cxd4 8. cxd4
Bd7 9. O-O Nge7 10. Be3 Nf5 11. Qd2 Na5 12. Bd1 Nc4 13. Qe2 Qxb2 14. Qxb2 Nxb2
15. Bb3 Rc8 16. Nbd2 Nd3 17. g4 Nh6 18. h3 Be7 19. a5 O-O 20. Bxh6 gxh6 21. h4
Kh8 22. g5 hxg5 23. h5 Nf4 24. h6 Ne2+ 25. Kh1 Rg8 26. Rae1 Bb5 27. Bd1 Nf4 28.
Rg1 Rg6 29. Rg3 Rxh6+ 30. Nh2 Nh3 31. Kg2 Nf4+ 32. Kg1 Rc1 33. Nb3 Rxd1 34.
Rxd1 Ne2+ 35. Kg2 Nxg3 36. fxg3 Rg6 37. Nc5 Bxc5 38. dxc5 Bc6 39. Ng4 Kg7 40.
Kf2 h5 41. Ne3 Rh6 42. Rd4 Rh8 43. Nc2 Rc8 44. Rd3 Bb5 45. Rc3 Bc4 46. Ne3 Rxc5
47. Ra3 Bb5 48. Nd1 d4 49. Nb2 Rc2+ 50. Kf3 Rxb2 51. Ra1 Bc6# 0-1

[Event "Faxe Jubilaeums EMT 2014"]
[Site "Faxe"]
[Date "2014.04.09"]
[Round "3"]
[White "Refsgaard, Kaj"]
[Black "Andersen, Hans Poul"]
[Result "1/2-1/2"]
[WhiteElo "1469"]
[BlackElo "1270"]
[PlyCount "107"]
[EventDate "2014.??.??"]

1. e4 e5 2. Bc4 Bc5 3. Nf3 Qf6 4. d3 h6 5. Nc3 Ne7 6. Qe2 Bb4 7. Bd2 Bxc3 8.
Bxc3 d6 9. h3 a6 10. O-O Nbc6 11. Rad1 O-O 12. d4 Ng6 13. dxe5 Ncxe5 14. Nxe5
dxe5 15. Qh5 Be6 16. Bxe6 Qxe6 17. Rd5 c6 18. Rd3 Nf4 19. Qxe5 Qxe5 20. Bxe5
Nxd3 21. cxd3 Rfe8 22. Bc3 Re6 23. f3 Rb8 24. Kf2 h5 25. f4 g6 26. Ke3 c5 27.
f5 Rc6 28. g4 b5 29. Bd2 b4 30. b3 Rd8 31. gxh5 Rcd6 32. Be1 Rxd3+ 33. Ke2 Rxh3
34. hxg6 Re8 35. gxf7+ Kxf7 36. Rf4 Rh2+ 37. Bf2 Rd8 38. e5 Rd5 39. e6+ Kf6 40.
Kf3 Rh5 41. Bh4+ Rxh4 42. Rxh4 Rxf5+ 43. Ke4 Re5+ 44. Kd3 Kxe6 45. Rh6+ Kd5 46.
Rxa6 Rh5 47. Ra8 Rh3+ 48. Kd2 Rc3 49. Rh8 Rg3 50. Rd8+ Kc6 51. Re8 Kd7 52. Re5
Kd6 53. Re3 Rg2+ 54. Re2 1/2-1/2

[Event "Faxe Jubilaeums EMT 2014"]
[Site "Faxe"]
[Date "2014.04.09"]
[Round "3"]
[White "Rasmussen, Frede"]
[Black "Eriksen, Knud Ejler"]
[Result "1-0"]
[WhiteElo "1456"]
[BlackElo "1067"]
[PlyCount "127"]
[EventDate "2014.??.??"]

1. d4 e6 2. e4 d5 3. e5 Nc6 4. c3 Bd7 5. Bb5 g6 6. Qa4 a6 7. Bxc6 Bxc6 8. Qc2
Bg7 9. f4 Ne7 10. Qf2 Nf5 11. g4 Ne7 12. Nd2 h6 13. Ndf3 f6 14. exf6 Bxf6 15.
Be3 Qd7 16. Ne5 Bxe5 17. fxe5 g5 18. h4 Rg8 19. hxg5 hxg5 20. Qd2 O-O-O 21.
O-O-O Rdf8 22. Rh7 Qe8 23. Nh3 Rh8 24. Nxg5 Rfg8 25. Rdh1 Ng6 26. Rxh8 Rxh8 27.
Rxh8 Nxh8 28. Nh7 Qg6 29. Nf6 Qg7 30. Qh2 Ng6 31. g5 Ne7 32. Qh6 Nf5 33. Qxg7
Nxg7 34. g6 Bb5 35. Kd2 Bf1 36. Bh6 Nf5 37. g7 Nxh6 38. g8=Q+ Nxg8 39. Nxg8 Bh3
40. Nf6 b5 41. b3 c6 42. Kc2 a5 43. Ne8 Kd7 44. Nd6 Kc7 45. a3 Kd7 46. Nb7 a4
47. bxa4 bxa4 48. Nc5+ Kc7 49. Nxa4 Kb7 50. Kb3 Ka6 51. Kb4 Bf1 52. Nc5+ Kb6
53. Nxe6 Bh3 54. a4 Bxe6 55. a5+ Ka6 56. Kc5 Bd7 57. c4 dxc4 58. Kxc4 Kb7 59.
d5 cxd5+ 60. Kxd5 Bc6+ 61. Kd6 Bb5 62. e6 Kc8 63. Ke7 Bd7 64. exd7+ 1-0

[Event "Faxe Jubilaeums EMT 2014"]
[Site "Faxe"]
[Date "2014.04.09"]
[Round "3"]
[White "Jakobsen, Henning"]
[Black "Eckert, Svend"]
[Result "0-1"]
[WhiteElo "1235"]
[BlackElo "1579"]
[PlyCount "50"]
[EventDate "2014.??.??"]

1. d4 Nf6 2. c4 e5 3. dxe5 Ne4 4. Qc2 d5 5. Nc3 Bb4 6. e3 Bf5 7. Bd3 Nxf2 8.
Kxf2 Be6 9. cxd5 Bxc3 10. dxe6 Bxe5 11. exf7+ Kf8 12. Qc5+ Bd6 13. Qc4 Nc6 14.
Nf3 Qf6 15. Rf1 Ne5 16. Qb3 Rd8 17. Kg1 Nxd3 18. Nd4 Bxh2+ 19. Kxh2 Qxf1 20.
Ne6+ Ke7 21. Nxd8 Rxd8 22. Qxb7 Rd7 23. e4 Nxc1 24. Qb4+ Kxf7 25. Qc4+ Qxc4 0-1

[Event "Faxe Jubilaeums EMT 2014"]
[Site "Faxe"]
[Date "2014.04.09"]
[Round "3"]
[White "Hansen, Arne Mandrup"]
[Black "Skotte, Niels Peder"]
[Result "1/2-1/2"]
[WhiteElo "1304"]
[BlackElo "1346"]
[PlyCount "54"]
[EventDate "2014.??.??"]

1. d4 Nf6 2. c4 c6 3. Nf3 d6 4. Nc3 Bf5 5. g3 Nbd7 6. Bg2 e5 7. dxe5 Nxe5 8.
Nxe5 dxe5 9. O-O Qxd1 10. Rxd1 Bc5 11. h3 h6 12. b3 O-O 13. Bb2 Rfe8 14. Rd2
Rad8 15. Rad1 Rxd2 16. Rxd2 Bd4 17. e3 Bxc3 18. Bxc3 e4 19. a4 Nd7 20. g4 Be6
21. Bxe4 Nc5 22. Bc2 h5 23. b4 Nd7 24. Bf5 Bxf5 25. gxf5 Nb6 26. c5 Nd5 27. Rc2
Re4 1/2-1/2

[Event "Faxe Jubilaeums EMT 2014"]
[Site "Faxe"]
[Date "2014.04.23"]
[Round "4"]
[White "Jensen, Leif"]
[Black "Zachariassen, John"]
[Result "1-0"]
[WhiteElo "1978"]
[BlackElo "1860"]
[PlyCount "81"]
[EventDate "2014.??.??"]

1. e4 g6 2. f4 Bg7 3. Nf3 d6 4. c3 h5 5. g3 Nh6 6. Bg2 c6 7. d3 Qc7 8. Na3 Nd7
9. Nc2 e5 10. Qe2 Nf8 11. Be3 Ne6 12. fxe5 dxe5 13. O-O-O c5 14. Kb1 Bd7 15.
Rhf1 O-O-O 16. Ng5 Rdf8 17. Bh3 f5 18. exf5 Nxf5 19. Nxe6 Bxe6 20. Bg1 Kb8 21.
Bg2 Re8 22. Qf2 Rc8 23. Ne3 Rhf8 24. Be4 Qa5 25. Nc4 Qa6 26. b3 Nd6 27. Qe3 Nb5
28. Qd2 Rfd8 29. Qc1 Bg4 30. Rde1 Bf5 31. Bxf5 gxf5 32. a4 Nd6 33. Qe3 Nxc4 34.
dxc4 Qg6 35. Kb2 Qf6 36. Rd1 Rxd1 37. Rxd1 e4 38. Rd5 b6 39. Bf2 Bh6 40. Qe2
Qg5 41. Rd1 1-0

[Event "Faxe Jubilaeums EMT 2014"]
[Site "Faxe"]
[Date "2014.04.23"]
[Round "4"]
[White "Pedersen, Hans Dahl"]
[Black "Stuhr, Finn"]
[Result "1-0"]
[WhiteElo "2158"]
[BlackElo "1568"]
[PlyCount "69"]
[EventDate "2014.??.??"]

1. c4 e5 2. g3 Nf6 3. Bg2 Nc6 4. Nf3 Bc5 5. d3 d6 6. Nc3 h6 7. a3 a6 8. O-O Bg4
9. h3 Be6 10. b4 Ba7 11. Bb2 Qd7 12. Kh2 Ne7 13. Rc1 c6 14. e3 Ng6 15. Qe2 d5
16. Na4 Qd6 17. Nd2 Rd8 18. c5 Qd7 19. f4 exf4 20. exf4 d4 21. f5 O-O 22. fxe6
fxe6 23. Ne4 Qe7 24. Nxf6+ Rxf6 25. Rxf6 Qxf6 26. Rf1 Qe7 27. Qe4 Qg5 28. Bc1
Qh5 29. Bf3 Qf5 30. Bg2 Qh5 31. Qxe6+ Kh8 32. Rf5 Nf8 33. Qf7 Qg6 34. Be4 Bb8
35. Qxf8+ 1-0

[Event "Faxe Jubilaeums EMT 2014"]
[Site "Faxe"]
[Date "2014.04.23"]
[Round "4"]
[White "Andersen, Bjarne Hjorth"]
[Black "Anghel, Mihai Ursta"]
[Result "1-0"]
[WhiteElo "1884"]
[BlackElo "1593"]
[PlyCount "71"]
[EventDate "2014.??.??"]

1. e4 c5 2. Nf3 d6 3. Bb5+ Bd7 4. Bxd7+ Qxd7 5. O-O Nc6 6. d4 cxd4 7. Nxd4 Nf6
8. Nc3 g6 9. f3 Bg7 10. Be3 Rc8 11. Nce2 Ne5 12. b3 d5 13. Bf4 Nh5 14. Bxe5
Bxe5 15. f4 Bg7 16. e5 O-O 17. h3 f5 18. Rc1 b5 19. Qd3 a6 20. c4 dxc4 21. bxc4
Rfd8 22. g3 Kh8 23. cxb5 axb5 24. Rxc8 Rxc8 25. Qxb5 Qxb5 26. Nxb5 Rc2 27. Nbd4
Rd2 28. Rc1 h6 29. Rc2 Rd3 30. Rc3 Rd2 31. a4 Ra2 32. Rc4 g5 33. Kf1 gxf4 34.
gxf4 Nxf4 35. Nxf4 Bxe5 36. Ng6+ 1-0

[Event "Faxe Jubilaeums EMT 2014"]
[Site "Faxe"]
[Date "2014.04.23"]
[Round "4"]
[White "Ambirk, Jan"]
[Black "Christensen, Lars (1957)"]
[Result "0-1"]
[WhiteElo "1763"]
[BlackElo "2005"]
[PlyCount "78"]
[EventDate "2014.??.??"]

1. e4 c6 2. d4 d5 3. f3 g6 4. Nc3 Bg7 5. Be3 dxe4 6. fxe4 c5 7. Nf3 Bg4 8. Bc4
cxd4 9. Bxf7+ Kf8 10. O-O Nf6 11. e5 Nc6 12. exf6 exf6 13. Be6 Bxe6 14. Nxd4
Nxd4 15. Bxd4 f5 16. Bxa7 Qxd1 17. Bc5+ Kf7 18. Rfxd1 Rhd8 19. Bb6 Rxd1+ 20.
Rxd1 Bxc3 21. bxc3 Rxa2 22. Rd8 Rxc2 23. Rh8 Bd5 24. Rxh7+ Kg8 25. Rh6 Kg7 26.
Rh3 Rxg2+ 27. Kf1 f4 28. Bd4+ Kf7 29. Rh7+ Ke6 30. Rh6 f3 31. h4 Bc4+ 32. Ke1
Re2+ 33. Kf1 Rg2+ 34. Ke1 Kf5 35. h5 g5 36. Rf6+ Kg4 37. h6 Re2+ 38. Kf1 Kg3
39. h7 Re3+ 0-1

[Event "Faxe Jubilaeums EMT 2014"]
[Site "Faxe"]
[Date "2014.05.12"]
[Round "4"]
[White "Frederiksen, Uffe"]
[Black "Lindskov, Villy"]
[Result "0-1"]
[WhiteElo "1705"]
[BlackElo "1814"]
[PlyCount "67"]
[EventDate "2014.??.??"]

1. b4 d5 2. Bb2 e6 3. b5 Nf6 4. e3 a6 5. a4 axb5 6. axb5 Rxa1 7. Bxa1 c6 8. Nf3
Nbd7 9. c4 Be7 10. Nc3 O-O 11. Be2 c5 12. O-O Qc7 13. Qb3 Nb6 14. Na4 Nxa4 15.
Qxa4 Bd6 16. d4 b6 17. Bb2 Bb7 18. h3 Nd7 19. Qb3 f6 20. Nd2 Re8 21. Bf3 dxc4
22. Qxc4 Kh8 23. Ra1 Bxf3 24. Nxf3 Nf8 25. e4 Qb7 26. e5 Be7 27. exf6 gxf6 28.
dxc5 bxc5 29. Re1 Qd7 30. Qh4 Kg7 31. Qa4 Rb8 32. Qg4+ Ng6 33. Rxe6 Qxb5 34.
Ne5 0-1

[Event "Faxe Jubilaeums EMT 2014"]
[Site "Faxe"]
[Date "2014.04.23"]
[Round "4"]
[White "Hansen, Aage"]
[Black "Krogh, Peter Ove"]
[Result "0-1"]
[WhiteElo "1618"]
[BlackElo "1783"]
[PlyCount "98"]
[EventDate "2014.??.??"]

1. e4 c5 2. Nf3 a6 3. Be2 e6 4. d4 cxd4 5. Nxd4 Nf6 6. Nc3 Bb4 7. f3 d5 8. e5
Nfd7 9. f4 Nc6 10. Be3 Qa5 11. Qd2 Bxc3 12. bxc3 Qc7 13. O-O Na5 14. Rab1 Nc5
15. Qe1 Ne4 16. Bd2 Nc4 17. Bxc4 Qxc4 18. Nb3 b6 19. Rf3 Bd7 20. Nc1 Rb8 21.
Rb4 Qc7 22. Rd3 Bb5 23. Rdd4 Nxd2 24. Qxd2 Bc4 25. Qe3 g6 26. Rb2 O-O 27. g4
Qe7 28. Qg3 h6 29. h4 Kh7 30. Nd3 Qa3 31. Qe3 Qxc3 32. Rb1 Qxc2 33. Rc1 Qxa2
34. Nb4 Qa4 35. Nd3 Qa3 36. h5 gxh5 37. g5 Rg8 38. Qd2 Rg6 39. Rdxc4 dxc4 40.
Rxc4 Rd8 41. Rc3 Qa1+ 42. Kf2 Qh1 43. Rc7 Qh2+ 44. Ke3 Qxd2+ 45. Kxd2 Kg8 46.
Kc3 hxg5 47. fxg5 Rxg5 48. Nb4 Rg3+ 49. Kc4 b5+ 0-1

[Event "Faxe Jubilaeums EMT 2014"]
[Site "Faxe"]
[Date "2014.05.14"]
[Round "4"]
[White "Wang, Peter"]
[Black "Petersen, Bent"]
[Result "0-1"]
[WhiteElo "1814"]
[BlackElo "1892"]
[PlyCount "76"]
[EventDate "2014.??.??"]

1. e4 c5 2. Nf3 Nc6 3. d4 cxd4 4. Nxd4 d6 5. Nc3 Nf6 6. Bg5 Qb6 7. Nb3 e6 8.
Be3 Qd8 9. f4 Be7 10. Bd3 O-O 11. Qf3 Nb4 12. g4 d5 13. O-O-O e5 14. Nxd5 Nbxd5
15. exd5 Bxg4 16. Qg2 Bxd1 17. fxe5 Qxd5 18. Rg1 Qxg2 19. Rxg2 Ng4 20. Bf4 Bf3
21. Rg3 g5 22. Bd2 Nxe5 23. Bf5 Bc6 24. Nd4 Rad8 25. c3 Bd7 26. Bc2 Ng6 27.
Bxg5 Bxg5+ 28. Rxg5 Kh8 29. Be4 b6 30. Bd3 Rde8 31. Kd2 Re7 32. b4 Rfe8 33. b5
Re5 34. Rg3 Rh5 35. Nf3 Bxb5 36. c4 Bc6 37. Ng5 Rxh2+ 38. Kc3 Kg7 0-1

[Event "Faxe Jubilaeums EMT 2014"]
[Site "Faxe"]
[Date "2014.04.23"]
[Round "4"]
[White "Christoffersen, Per"]
[Black "Rasmussen, Frede"]
[Result "1-0"]
[WhiteElo "1588"]
[BlackElo "1456"]
[PlyCount "57"]
[EventDate "2014.??.??"]

1. d4 d5 2. Nf3 Bg4 3. e3 e6 4. h3 Bh5 5. Bd3 Nf6 6. Nbd2 Bg6 7. O-O Bxd3 8.
cxd3 c6 9. Ne5 Bd6 10. f4 g6 11. Ndf3 h6 12. Bd2 Ke7 13. Rc1 Qg8 14. Qb3 Qc8
15. Bb4 Ne8 16. Qa3 Bxb4 17. Qxb4+ Nd6 18. Nxf7 Kxf7 19. Qxd6 Nd7 20. Ne5+ Nxe5
21. fxe5+ Ke8 22. Rf6 Qd7 23. Rxe6+ Kd8 24. Rf1 Qxd6 25. Rxd6+ Kc7 26. Rf7+ Kb6
27. Rxg6 h5 28. Rgg7 Rab8 29. Rh7 1-0